Anayasa çalıştayı raporları (Record no. 11849)

MARC details
000 -BAŞLIK
Sabit Uzunlukta Kontrol Alanı 01695na a2200349 4500
001 - KONTROL NUMARASI
Denetim Alanı 24412
003 - KONTROL NUMARASI IDENTIFIER
Denetim Alanı MIRAKIL
005 - SON İŞLEM TARİHİ VE ZAMANI
Denetim Alanı 20181226104235.0
008 - SABİT-BOY VERİ ELEMANLARI - GENEL BİLGİLER
Sabit Uzunlukta Kontrol Alanı 181005b tu 000 0
020 ## - ULUSLARARASI STANDART KİTAP NUMARASI
Uluslararası Standart Kitap Numarası 9786058596849
035 ## - SİSTEM KONTROL NUMARASI
Sistem Kontrol Numarası 19008
041 ## - DİL KODU
Metin / Ses Parça Veya Ayrı Başlığın Dil Kodu tur
082 ## - DEWEY ONLU SINIFLANDIRMA NUMARASI
Sınıflandırma Numarası 342.03
Ürün Numarası C36a 2016
090 ## - SINIFLAMA NUMARASI
Sınıflama Numarası 342.03 C36a 2016
111 ## - ANA GİRİŞ - TOPLANTI ADI
Giriş Elemanı Olarak Toplantı Adı Veya Yargı Alanı Adı CHP Anayasa Çalıştayı
Toplantı Veya Antlaşma İmzalandığı Tarihi 12 Kasım 2016
245 ## - BAŞLIK TABLOSU
Başlık Anayasa çalıştayı raporları
Sorumluluk Tablosu, Vb derleyen Bülent Tezcan, Onur Bilge Kulla
260 ## - YAYIN, DAĞITIM, VB
Yayın, Dağıtım, Vb Yeri Ankara
Yayıncı, Dağıtıcı, Vs Adı CHP
Yayın, Dağıtım, Vb Tarihi 2016
300 ## - FİZİKSEL TANIM
Kapsam 162 s.
Boyutlar 21 sm.
440 ## - SERİSİ TABLOSU / KATMA GİRİŞİ - BAŞLIK
Başlık Cumhuriyet Halk Partisi yayınları
Hacim / Ardışık Tanımı 4
500 ## - GENEL NOT
Genel Not Dış kapakta yapıt adı: Metnin üstünde "Türkiye'de başkanlık sistemi tartışmaları" yazılıdır.
505 ## - BİÇİMLENDİRİLDİ İÇİNDEKİLER NOT
Biçimlendirilmiş İçeriği Dikkat CHP genel başkan Kemal Kılıçdaroğlu'nun açış konuşması -Anayasa vizyonu/ Bülent Tezcan (oturum başkanı);Bertil Emrah Oder ; İbrahim Ö. Kaboğlu. - Parlementer demorkasi/Muharrem Erkek (oturum başkanı); Selin Esen; Necmi Yüzbaşıoğlu - Otoriter sistem arayışları /Murat Emri (oturum başkanı) ; Şule Özsoyboyunsuz ; Korkut Kanadoğlu - "Çoğulcu Demokrasi ve Parlamenter Sistem" konulu Hhukuk Çalıştayı I" raporu / Ahmet Mumcu ; Erdoğan Teziç ; İbrahim Kaboğlu ; Korkut Kanadoğlu ; Caner Yenidünya
610 ## - KONU KATMA GİRİŞ - TOPLANTI ADI
Giriş Elemanı Olarak Kurumsal Ad Veya Yargı Alanı Adı CHP
Genel Alt Bölüm Anayasa değişikliği
Kronolojik Alt Bölüm Toplantılar
-- Raporlar
610 ## - KONU KATMA GİRİŞ - TOPLANTI ADI
Giriş Elemanı Olarak Kurumsal Ad Veya Yargı Alanı Adı CHP
Genel Alt Bölüm İktidar eleştirisi
Kronolojik Alt Bölüm Toplantılar
650 ## - KONU KATMA GİRİŞ - TOPİKAL DÖNEM
Topikal Süreli Veya Coğrafi Ad Giriş Elemanı Başkanlık sistemi
Genel Alt Bölümü Toplantılar
700 ## - KATMA GİRİŞ - KİŞİSEL İSİM
Kişisel Ad Kula, Onur Bilge
700 ## - KATMA GİRİŞ - KİŞİSEL İSİM
Kişisel Ad Tezcan, Bülent
740 ## - KATMA GİRİŞ - KONTROLSUZ İLGİLİ / ANALİTİK BAŞLIK
Kontrol Edilmeyen / İlgili Analitik Başlıktaki Türkiye'de başkanlık sistemi tartışmaları
830 ## - SERİSİ EKLENDİ GİRİŞ - ÜNİFORM ADI
Üniforma Başlık CHP yayınları
942 ## - EKLENDİ GİRİŞ ELEMANLARI (KOHA)
Sınıflandırma Veya Raf Düzeni Kaynak Dewey Decimal Classification
Koha Öğesi Türü Books
040 ## - KATALOGLAMA KAYNAK
Orijinal Kataloglama Ajansı Milas
Kataloglama Dili tur
Metne Dönüştürmek Ajansı TR-AnCHP
999 ## - SİSTEM KONTROL NUMARALARI (KOHA)
Koha Biblionumber 11849
Koha Biblioitemnumber 11849
657 ## - INDEX SÜRE - İŞLEVİ
-- Türk tipi başkanlık
Holdings
Kullanım Kısıtlamaları Kalıcı Konum Mevcut Konum Edinme Tarihi Toplam Check-Out'Lar Tam Çağrı Numarası Barkod Tarih Son Görülme İtibaren Geçerli Fiyatlar Sigara Kamu Notu Koha Öğesi Türü
  Parti Okulu Kütüphanesi Parti Okulu Kütüphanesi 10/05/2018   342.03 C36a 2016 P00173 10/05/2018 10/05/2018 Books